000 00612nam a22002177a 4500
003 UA-OsUOA
001 68367
007 ta
008 20100420b un ||||| |||| 00| 0 ukr d
100 _aНогачевський О.
090 _a330(477)
_bН76
942 _cSA
040 _aUA-OsUOA
_bukr
_cUA-OsUOA
_dUA-OsUOA
245 _aФранчайзинг в Україні: проблеми та перспективи
300 _aС.26-31
955 _a0
041 _aukr
080 _a330(477)
773 0 _w68366
_tЕкономіст
_dК.
_d2010
_g3
650 7 _a330 Економіка взагалі
_2UDC
999 _c354609
_d354609